000 00317nam a22001337a 4500
020 _aNA
082 _222
_a512.9
100 _aDugoplski ; mark,
245 _aInter mediate algebra /
250 _a3rd
260 _bMc Graw Hill higher Edducation,
_cc2000
300 _aXXii,1152 p, ;
_bNA
_c24 cm.
942 _2ddc
_cMATHS
999 _c3718
_d3718